[Event "IECG OP.2006.0.00058"]
[Site "IECG email"]
[Date "2006.06.02"]
[Round "?"]
[White "Alperin, Michael"]
[Black "Quan, Daniel"]
[Result "1-0"]
[WhiteElo "1338"]
[BlackElo "800"]
[PlyCount "51"]
[EventDate "2006.06.02"]
[EventType "tourn (corr)"]
[EventRounds "6"]
[SourceTitle "Corr 2008"]
[Source "ChessBase"]
[SourceDate "2008.06.24"]
[SourceVersion "1"]
[SourceVersionDate "2008.06.24"]
[SourceQuality "1"]

1. d4 Nf6 2. c4 g6 3. Nc3 Bg7 4. e4 d6 5. Nf3 0-0 6. Bd3 e5 7. d5 Nbd7 8. h3 a5 9. 0-0 Nc5 10. Bc2 Ne8 11. Be3 f5 12. Bxc5 dxc5 13. Rc1 f4 14. a3 Nd6 15. Qe2 h5 16. Nd2 Qe8 17. f3 g5 18. Nb3 Rf6 19. Nxc5 b6 20. Ba4 Qg6 21. Nd3 g4 22. Nxe5 Qg5 23. Nc6 gxh3 24. Ne7+ Kh7 25. Nxc8 Rxc8 26. Kh1 1-0

[Event "CFriend CP-2005-P-00037"]
[Site "Chessfriend.com"]
[Date "2005.10.01"]
[Round "1"]
[White "Alperin, Michael"]
[Black "Starace, Umberto"]
[Result "0-1"]
[WhiteElo "1333"]
[BlackElo "1960"]
[PlyCount "62"]
[EventDate "2005.??.??"]
[EventType "tourn (corr)"]
[EventRounds "6"]
[SourceTitle "Corr 2008"]
[Source "ChessBase"]
[SourceDate "2008.06.24"]
[SourceVersion "1"]
[SourceVersionDate "2008.06.24"]
[SourceQuality "1"]

1. e4 c5 2. Nf3 d6 3. Bb5+ Bd7 4. Bxd7+ Qxd7 5. d4 cxd4 6. Nxd4 Nf6 7. Nc3 Nc6 8. 0-0 g6 9. Re1 Bg7 10. Be3 Ng4 11. Nxc6 Nxe3 12. Rxe3 bxc6 13. Qd3 0-0 14. b3 Rfd8 15. Rd1 Qc7 16. f3 e6 17. Re2 d5 18. Red2 Bh6 19. Re2 dxe4 20. Qxe4 Bg7 21. Qc4 Qb6+ 22. Kf1 Rxd1+ 23. Nxd1 Rd8 24. Re1 Rd2 25. c3 Qd8 26. Nf2 Rxa2 27. Re2 Ra1+ 28. Re1 Rxe1+ 29. Kxe1 Qg5 30. Ke2 Qe5+ 31. Kd2 Bh6+ 0-1

[Event "CFriend CP-2005-P-00037"]
[Site "Chessfriend.com"]
[Date "2005.10.01"]
[Round "1"]
[White "Wosch, Arkadiusz Janusz"]
[Black "Alperin, Michael"]
[Result "1-0"]
[WhiteElo "2252"]
[BlackElo "1333"]
[PlyCount "85"]
[EventDate "2005.??.??"]
[EventType "tourn (corr)"]
[EventRounds "6"]
[SourceTitle "Corr 2008"]
[Source "ChessBase"]
[SourceDate "2008.06.24"]
[SourceVersion "1"]
[SourceVersionDate "2008.06.24"]
[SourceQuality "1"]

1. e4 e6 2. d4 d5 3. Nc3 Nf6 4. Bg5 dxe4 5. Nxe4 Nbd7 6. Nf3 h6 7. Nxf6+ Nxf6 8. Bh4 c5 9. dxc5 Qxd1+ 10. Rxd1 Bxc5 11. Ne5 0-0 12. Be2 Nd5 13. Bg3 Bb6 14. Bf3 f6 15. Nc4 Bc5 16. 0-0 Re8 17. Nd6 Bxd6 18. Bxd6 Rd8 19. Ba3 b5 20. b3 Ba6 21. Rfe1 Kf7 22. Bxd5 Rxd5 23. Rxd5 exd5 24. Re7+ Kg6 25. h4 Bc8 26. h5+ Kxh5 27. Rxg7 a5 28. Bb2 f5 29. Bc1 Ra6 30. Rg3 a4 31. Bf4 axb3 32. axb3 Ra1+ 33. Kh2 Ra2 34. Rc3 Bb7 35. Rc7 Ba8 36. f3 d4 37. Kh3 Kg6 38. Be5 h5 39. Kg3 Ra6 40. Kf4 h4 41. Rg7+ Kh6 42. Rd7 Kg6 43. Bxd4 1-0

[Event "CFriend RL-2005-0-00038 email"]
[Site "Chessfriend.com"]
[Date "2005.09.06"]
[Round "1"]
[White "Alperin, Michael"]
[Black "Vio, Mauro"]
[Result "0-1"]
[WhiteElo "1333"]
[BlackElo "1211"]
[PlyCount "44"]
[EventDate "2005.09.06"]
[EventType "tourn (corr)"]
[EventRounds "6"]
[SourceTitle "Corr 2008"]
[Source "ChessBase"]
[SourceDate "2008.06.24"]
[SourceVersion "1"]
[SourceVersionDate "2008.06.24"]
[SourceQuality "1"]

1. e4 e5 2. Nf3 Nc6 3. d4 exd4 4. Nxd4 Nf6 5. Nxc6 bxc6 6. e5 Qe7 7. Qe2 Nd5 8. c4 Ba6 9. g3 h5 10. Bg2 h4 11. Qe4 Nb6 12. b3 0-0-0 13. 0-0 hxg3 14. fxg3 Re8 15. Bb2 Qg5 16. Bd4 f6 17. Qf5 Qh6 18. h3 fxe5 19. Bb2 Bc5+ 20. Kh2 Rhf8 21. Qg4 Rxf1 22. Bxf1 Qe3 0-1

[Event "IECG QD.2005.0.00079 email"]
[Site "IECG email"]
[Date "2005.08.26"]
[Round "?"]
[White "Vermaas, Fred"]
[Black "Alperin, Michael"]
[Result "1-0"]
[WhiteElo "1447"]
[BlackElo "1400"]
[PlyCount "43"]
[EventDate "2005.08.26"]
[EventType "tourn (corr)"]
[EventRounds "2"]
[SourceTitle "Corr 2008"]
[Source "ChessBase"]
[SourceDate "2008.06.24"]
[SourceVersion "1"]
[SourceVersionDate "2008.06.24"]
[SourceQuality "1"]

1. c4 Nf6 2. d4 g6 3. Nc3 d5 4. cxd5 Nxd5 5. Bd2 Bg7 6. e4 Nxc3 7. Bxc3 0-0 8. Nf3 c5 9. d5 Bxc3+ 10. bxc3 Qa5 11. Qb3 Bg4 12. Be2 e6 13. 0-0 b6 14. h3 Bxf3 15. Bxf3 exd5 16. exd5 Nd7 17. Rfe1 Rfe8 18. d6 Rad8 19. Bc6 Re5 20. Bxd7 Rxe1+ 21. Rxe1 Rxd7 22. Re7 1-0

[Event "CFriend SL-2005-0-00035 email"]
[Site "Chessfriend.com"]
[Date "2005.08.10"]
[Round "1"]
[White "Alperin, Michael"]
[Black "James, Michael"]
[Result "1/2-1/2"]
[WhiteElo "1333"]
[BlackElo "1475"]
[PlyCount "83"]
[EventDate "2005.??.??"]
[EventType "tourn (corr)"]
[EventRounds "12"]
[SourceTitle "Corr 2008"]
[Source "ChessBase"]
[SourceDate "2008.06.24"]
[SourceVersion "1"]
[SourceVersionDate "2008.06.24"]
[SourceQuality "1"]

1. e4 g6 2. d4 Bg7 3. c4 Nf6 4. Nc3 d6 5. f4 0-0 6. Nf3 c6 7. Be2 Nbd7 8. 0-0 Rb8 9. b3 c5 10. Be3 Ng4 11. Qd2 b6 12. dxc5 bxc5 13. Rad1 Bb7 14. Nd5 e6 15. Nc3 Qe7 16. Nb5 d5 17. exd5 exd5 18. Bf2 a6 19. Nc7 d4 20. Nd5 Bxd5 21. cxd5 Ndf6 22. Bc4 Ne4 23. Qe2 Qe8 24. Bh4 Ne3 25. Rde1 Nc3 26. Qf2 h6 27. Ne5 Ne4 28. Qe2 Bxe5 29. fxe5 Qxe5 30. Rf3 Nc3 31. Qd2 Rbe8 32. Bg3 Nxc4 33. bxc4 Qg5 34. Bf4 Qh4 35. Rff1 g5 36. Bg3 Ne4 37. Qd3 Nxg3 38. hxg3 Qg4 39. Rxe8 Rxe8 40. Qb3 h5 41. Qb7 Rf8 42. Qe7 1/2-1/2

[Event "CFriend SL-2005-0-00035 email"]
[Site "Chessfriend.com"]
[Date "2005.08.10"]
[Round "1"]
[White "Alperin, Michael"]
[Black "Nouveau, Laurent"]
[Result "1-0"]
[WhiteElo "1333"]
[BlackElo "757"]
[PlyCount "29"]
[EventDate "2005.??.??"]
[EventType "tourn (corr)"]
[EventRounds "12"]
[SourceTitle "Corr 2024"]
[Source "ChessBase"]
[SourceDate "2023.10.19"]
[SourceVersion "1"]
[SourceVersionDate "2023.10.19"]
[SourceQuality "1"]

1. d4 d5 2. c4 c6 3. Nf3 Nf6 4. Nc3 dxc4 5. a4 Bf5 6. e3 e6 7. Bxc4 Nbd7 8. Qe2 Bb4 9. 0-0 0-0 10. Bd2 a5 11. Rac1 Nb6 12. b3 Re8 13. Ne5 Nxc4 14. bxc4 Qc7 15. Nb1 1-0

[Event "CFriend SL-2005-0-00035 email"]
[Site "Chessfriend.com"]
[Date "2005.08.10"]
[Round "1"]
[White "Polatel, Levent"]
[Black "Alperin, Michael"]
[Result "0-1"]
[WhiteElo "1067"]
[BlackElo "1333"]
[PlyCount "34"]
[EventDate "2005.??.??"]
[EventType "tourn (corr)"]
[EventRounds "12"]
[SourceTitle "Corr 2008"]
[Source "ChessBase"]
[SourceDate "2008.06.24"]
[SourceVersion "1"]
[SourceVersionDate "2008.06.24"]
[SourceQuality "1"]

1. Nf3 Nf6 2. c4 g6 3. Nc3 Bg7 4. e4 d6 5. d4 0-0 6. Be2 c5 7. h3 cxd4 8. Nxd4 Nc6 9. Be3 Bd7 10. Qd2 Rc8 11. Rc1 Qa5 12. b3 Nxd4 13. Bxd4 Nxe4 14. Nxe4 Qxd2+ 15. Nxd2 Bxd4 16. 0-0 b6 17. Bf3 Bf5 0-1